000 00545 a2200181 4500
005 20250204105012.0
008 250123b |||||||| |||| 00| 0 eng d
020 _a9780399591051
080 _a820-992
_bKAP/A
100 _aKaplan, Robert D.
245 _aAdriatic
_b:a concert of civilizations at the end of the modern age
260 _bRandom House
_aNew York
_c2023
300 _axix,340p.
653 _aTravelogue - Kaplan, Robert D.
653 _aAdriatic Sea Region - Travel
653 _aAdriatic Sea Region - History
942 _cBK
999 _c111685
_d111684